| 000 | 00710cam a2200217 a 4500 | ||
|---|---|---|---|
| 001 | 000015370 | ||
| 005 | 20200929164023.0 | ||
| 008 | 830127m19701966sp a 000 0 spa | ||
| 035 | _a(DLC) 83110628 | ||
| 040 |
_aDO-SdBNP _bspa _cBNPHU _dDLC |
||
| 082 |
_a225 _bD594ll |
||
| 245 | 0 | 0 |
_aDios llega al hombre : _bel Nuevo Testamento de Nuestro Señor Jesucristo. |
| 250 | _a2a ed. | ||
| 260 |
_aAsunción : _bSociedades Bíblicas en América Latina, _cc1970. |
||
| 300 |
_aiv, 581 p. : _bil. ; _c18 cm. |
||
| 490 | 1 | _aLa palabra de Dios, para una nueva era | |
| 650 | 4 |
_aBiblia. _xN.t. _934737 |
|
| 830 | 0 |
_aLa palabra de Dios, para una nueva era. _934600 |
|
| 910 | _aCatalogación derivada | ||
| 049 | _aBNGR | ||
| 999 |
_c14932 _d14932 |
||